Electricity and Magnetism
Sparad:
| Huvudupphovsman: | |
|---|---|
| Materialtyp: | Bok |
| Språk: | engelska |
| Publicerad: |
Washington, D.C
University of Washington
1966
|
| Ämnen: | |
| Taggar: |
Lägg till en tagg
Inga taggar, Lägg till första taggen!
|
MARC
| LEADER | 00000nam a2200000 a 4500 | ||
|---|---|---|---|
| 001 | UCH1716 | ||
| 003 | CL-VaPUC | ||
| 008 | 090507e19660000us |||||||||||||||||eng|d | ||
| 082 | 0 | 4 | |a 537 |b PHI |2 21 |
| 100 | 0 | |a Phillips, Melba |e author |9 536200 | |
| 245 | 1 | 0 | |a Electricity and Magnetism |
| 300 | |a v | ||
| 942 | |c BK | ||
| 945 | |d 20090507 00:00:00 |a dcastane | ||
| 260 | |a Washington, D.C |b University of Washington |c 1966 | ||
| 500 | |a v.1: Electricity and Magnetism. Electrostatics | ||
| 500 | |a v.2: Electricity and Magnetism. Magnetostatics | ||
| 650 | 7 | |a ELECTRICIDAD Y MAGNETISMO |2 CL-VaPUC |9 527007 | |
| 650 | 0 | |a Electrostática |9 351592 | |
| 650 | 7 | |a MAGNETOESTATICA |2 CL-VaPUC |9 536201 | |
| 583 | |a last modification |c 20171220 06:21:04 |k Rodrigo Vera | ||
| 999 | |c 333631 |d 333629 | ||